Lataa...
المرأة البحر و الرجل المحيط /
| Päätekijä: | |
|---|---|
| Aineistotyyppi: | Printed Book |
| LEADER | 00496nam a2200109Ia 4500 | ||
|---|---|---|---|
| 008 | 150527150527b xxu||||| |||| 00| 0 ara d | ||
| 082 | |a 305.42 | ||
| 100 | |a عبد الله بن محمد الدواود | ||
| 245 | |c by عبد الله بن محمد الدواود |a المرأة البحر و الرجل المحيط / | ||
| 942 | |c BK | ||
| 999 | |c 173438 |d 173438 | ||
| 952 | |0 0 |1 0 |4 0 |6 305_420000000000000_عبد_ا |7 0 |9 192129 |a ARA |b ARA |c ST1 |d 2015-05-27 |i 8653 |l 0 |o 305.42 عبد/ا |p ARA008653 |r 2015-05-27 |w 2015-05-27 |y BK | ||